| 000 | 00630nam a2200241Ia 4500 | ||
|---|---|---|---|
| 001 | 30191 | ||
| 005 | 20240114001437.0 | ||
| 007 | ta | ||
| 008 | 060713s1345 g b000 u 346 u | ||
| 040 | _aCotton College,Assam | ||
| 041 | _a346 | ||
| 082 |
_a891.442 _bB 541 M |
||
| 100 | _aBishi, Pramath Nath . | ||
| 245 | 0 |
_aMouchake Dhil / _cPramath Nath Bishi. _hTextual Documents |
|
| 250 | _a1st ed. / | ||
| 260 |
_aCalcutta : _bRanjan Publishing House , _c1345. |
||
| 300 |
_a158p. ; _c17cm. |
||
| 653 | _aBengali Drama | ||
| 653 | _aG-Bengali | ||
| 942 |
_2ddc _cBK |
||
| 999 |
_c30173 _d30173 |
||